| Поле | Инд. | ПП | Название | Значение |
|---|---|---|---|---|
| Тип записи | a | |||
| Библиографический уровень | m | |||
| 001 | Контрольный номер | 708c96ca9dfb43b1bf36b372e0ed6085 | ||
| 005 | Дата корректировки | 20240311091637.3 | ||
| 040 | b | Код языка каталог. | rus | |
| 041 | 0_ | a | Код языка текста | rus |
| 080 | a | Индекс УДК | 004.85 | |
| 084 | a | Индекс другой классификации/Индекс ББК | 32.818.1 | |
| 090 | a | Полочн. индекс | 681.3 | |
| x | Авторский знак | Б79 | ||
| 097 | b | Оператор | 02 | |
| 100 | 1_ | a | Автор | Болошенко С. В. |
| 245 | 10 | a | Заглавие | Модели и средства прогнозирования загруженности проезжей части |
| b | Продолж. заглавия | дисс. на соиск. степени магистра техн. наук : 1-40 80 06 | ||
| c | Ответственность | науч. рук. В. В. Захаров | ||
| 260 | c | Дата издания | 2022 | |
| a | Место издания | Минск | ||
| b | Издательство | БГУИР | ||
| 300 | a | Объем | 75 с. | |
| e | Сопроводительные материалы | автореферат | ||
| 510 | 0_ | a | Примечание о ссылках | Диссертации и авторефераты диссертаций |
| 653 | 0_ | a | Ключевые слова | нейронные сети; транспорт |
| 856 | 40 | u | URL | https://libeldoc.bsuir.by/bitstream/123456789/47688/1/Boloshenko_Modeli.pdf |
| 901 | t | Тип документа | d |